[Event "OP-2017-0-04291"]
[Site "LSS email"]
[Date "2017.03.01"]
[Round "?"]
[White "Wagner, Siegfried"]
[Black "Goti, Javier"]
[Result "0-1"]
[WhiteElo "800"]
[BlackElo "630"]
[PlyCount "50"]
[EventDate "2017.02.22"]
[EventType "tourn (corr)"]
[EventRounds "4"]
[EventCountry "GER"]
[SourceTitle "Corr 2022"]
[Source "ChessBase"]
[SourceDate "2021.10.24"]
[SourceVersion "1"]
[SourceVersionDate "2021.10.24"]
[SourceQuality "1"]

1. e4 c5 2. Nf3 d6 3. Nc3 Nf6 4. Bb5+ Bd7 5. Qe2 e6 6. d4 a6 7. Bc4 b5 8. Bd3 c4 9. e5 cxd3 10. Qxd3 dxe5 11. dxe5 Nd5 12. Nxd5 exd5 13. Qxd5 Nc6 14. 0-0 Be7 15. Re1 Nb4 16. Qb3 Be6 17. Qc3 0-0 18. Bf4 Rc8 19. Qb3 Bxb3 20. axb3 Nxc2 21. Rad1 Qa5 22. Bd2 Qb6 23. Rc1 Nxe1 24. Rxe1 Rc2 25. Bc3 Qxf2+ 0-1